Can I wear my nose ring to the interview? : (Record no. 1441)

MARC details
000 -LEADER
fixed length control field 01963cam a2200337 a 4500
005 - DATE AND TIME OF LATEST TRANSACTION
control field 20260322212100.0
008 - FIXED-LENGTH DATA ELEMENTS--GENERAL INFORMATION
fixed length control field data
010 ## - LIBRARY OF CONGRESS CONTROL NUMBER
LC control number 2009279010
020 ## - INTERNATIONAL STANDARD BOOK NUMBER
International Standard Book Number 9780761141457 (pbk.)
020 ## - INTERNATIONAL STANDARD BOOK NUMBER
International Standard Book Number 0761141456 (pbk.)
040 ## - CATALOGING SOURCE
Original cataloging agency BTCTA
Transcribing agency BTCTA
Modifying agency DLC
-- WIQ
-- IH7
-- YDXCP
-- VP@
-- JRS
-- KUA
-- ABG
-- FER
-- DLC
042 ## - AUTHENTICATION CODE
Authentication code lccopycat
050 00 - LIBRARY OF CONGRESS CALL NUMBER
Classification number HF5382.7
Item number .R44 2009
082 04 - DEWEY DECIMAL CLASSIFICATION NUMBER
Classification number 650.14/4
Edition information 22
092 ## - LOCALLY ASSIGNED DEWEY CALL NUMBER (OCLC)
Classification number 650.14 R44 2009
001 - CONTROL NUMBER
control field data
100 1# - MAIN ENTRY--PERSONAL NAME
Personal name Reeves, Ellen Gordon.
245 10 - TITLE STATEMENT
Title Can I wear my nose ring to the interview? :
Remainder of title the crash course : finding, landing, and keeping your first real job /
Statement of responsibility, etc. Ellen Gordon Reeves.
260 ## - PUBLICATION, DISTRIBUTION, ETC.
Place of publication, distribution, etc. New York :
Name of publisher, distributor, etc. Workman Pub.,
Date of publication, distribution, etc. c2009.
300 ## - PHYSICAL DESCRIPTION
Extent xii, 227 p. ;
Dimensions 23 cm.
500 ## - GENERAL NOTE
General note Includes index.
505 0# - FORMATTED CONTENTS NOTE
Formatted contents note Welcome to Job, Inc. : set yourself up for success -- Working your network : finding and making the most of your connections -- The story in your résumé : the piece of paper that says it all -- The must-read cover letter : allow me to introduce myself -- Rallying your references : setting up your fan club -- Getting through the interview : preparation is everything -- Weighing the offer : what to say before "I'll take it" -- You've got the job : now what are you going to do? -- The art of moving on : (whether it's your choice or theirs).
520 ## - SUMMARY, ETC.
Summary, etc. This guide is for anyone who's ready to get serious about the job search, in any economy. Start by approaching your search with a professional mind-set.
650 #0 - SUBJECT ADDED ENTRY--TOPICAL TERM
Topical term or geographic name entry element Job hunting
Form subdivision Handbooks, manuals, etc.
650 #0 - SUBJECT ADDED ENTRY--TOPICAL TERM
Topical term or geographic name entry element Employment interviewing.
650 #0 - SUBJECT ADDED ENTRY--TOPICAL TERM
Topical term or geographic name entry element Résumés (Employment)
650 #0 - SUBJECT ADDED ENTRY--TOPICAL TERM
Topical term or geographic name entry element Cover letters.
906 ## - LOCAL DATA ELEMENT F, LDF (RLIN)
a 7
b cbc
c copycat
d 2
e ncip
f 20
g y-gencatlg
925 0# -
-- acquire
-- 2 shelf copies
-- policy default
955 ## - COPY-LEVEL INFORMATION (RLIN)
-- xg22 2011-03-11 copy 2 added
Holdings
Withdrawn status Lost status Damaged status Not for loan Home library Current library Shelving location Date acquired Total checkouts Full call number Barcode Date last seen Price effective from Koha item type
        Springfield Springfield General stacks 22/03/2026   650.14/4 22 BC0011488 22/03/2026 22/03/2026 Books